<?xml version="1.0" encoding="UTF-8"?>
<record
    xmlns:xsi="http://www.w3.org/2001/XMLSchema-instance"
    xsi:schemaLocation="http://www.loc.gov/MARC21/slim http://www.loc.gov/standards/marcxml/schema/MARC21slim.xsd"
    xmlns="http://www.loc.gov/MARC21/slim">

  <leader>00642nam a2200205Ia 4500</leader>
  <controlfield tag="005">20221102102054.0</controlfield>
  <controlfield tag="008">210716s2015    xx            000 0 und d</controlfield>
  <datafield tag="020" ind1=" " ind2=" ">
    <subfield code="a">9789350231135</subfield>
  </datafield>
  <datafield tag="040" ind1=" " ind2=" ">
    <subfield code="c">AIMIT LIBRARY</subfield>
  </datafield>
  <datafield tag="041" ind1=" " ind2=" ">
    <subfield code="a">eng</subfield>
  </datafield>
  <datafield tag="082" ind1=" " ind2=" ">
    <subfield code="a">006.671 </subfield>
    <subfield code="2">6</subfield>
    <subfield code="b">RUBA</subfield>
  </datafield>
  <datafield tag="100" ind1=" " ind2=" ">
    <subfield code="a">Rubinger, Andrew Lee.</subfield>
    <subfield code="9">60635</subfield>
  </datafield>
  <datafield tag="245" ind1=" " ind2=" ">
    <subfield code="a">Enterprise javabeans 3.1 /</subfield>
    <subfield code="c">By Andrew Lee Rubinger &amp; Bill Burke.</subfield>
  </datafield>
  <datafield tag="250" ind1=" " ind2=" ">
    <subfield code="a">6th ed.</subfield>
  </datafield>
  <datafield tag="260" ind1=" " ind2=" ">
    <subfield code="a">New Delhi :</subfield>
    <subfield code="b">Shroff publications and distributers pvt ltd ,</subfield>
    <subfield code="c">2010.</subfield>
  </datafield>
  <datafield tag="300" ind1=" " ind2=" ">
    <subfield code="a">xxi,738p.</subfield>
    <subfield code="b">PB</subfield>
    <subfield code="c">23 cm.</subfield>
  </datafield>
  <datafield tag="650" ind1=" " ind2=" ">
    <subfield code="a">Java Programming</subfield>
    <subfield code="9">60636</subfield>
  </datafield>
  <datafield tag="700" ind1=" " ind2=" ">
    <subfield code="a">Burke, Bill.</subfield>
    <subfield code="9">60647</subfield>
  </datafield>
  <datafield tag="942" ind1=" " ind2=" ">
    <subfield code="2">ddc</subfield>
    <subfield code="c">BK</subfield>
    <subfield code="e">6th</subfield>
    <subfield code="k">006.671RUBA</subfield>
  </datafield>
  <datafield tag="999" ind1=" " ind2=" ">
    <subfield code="c">194804</subfield>
    <subfield code="d">194804</subfield>
  </datafield>
  <datafield tag="952" ind1=" " ind2=" ">
    <subfield code="0">0</subfield>
    <subfield code="1">0</subfield>
    <subfield code="2">ddc</subfield>
    <subfield code="4">0</subfield>
    <subfield code="7">0</subfield>
    <subfield code="8">MCA</subfield>
    <subfield code="a">AIMIT</subfield>
    <subfield code="b">AIMIT</subfield>
    <subfield code="d">2022-11-02</subfield>
    <subfield code="e">Knowledge World</subfield>
    <subfield code="g">525.00</subfield>
    <subfield code="i">Bill no:66; Bill dt:2010-12-23</subfield>
    <subfield code="l">0</subfield>
    <subfield code="o">006.671 RUBA</subfield>
    <subfield code="p">MCA10610</subfield>
    <subfield code="r">2025-07-21 00:00:00</subfield>
    <subfield code="v">393.75</subfield>
    <subfield code="w">2021-07-16</subfield>
    <subfield code="y">BK</subfield>
  </datafield>
  <datafield tag="952" ind1=" " ind2=" ">
    <subfield code="0">0</subfield>
    <subfield code="1">0</subfield>
    <subfield code="2">ddc</subfield>
    <subfield code="4">0</subfield>
    <subfield code="7">0</subfield>
    <subfield code="8">MCA</subfield>
    <subfield code="a">AIMIT</subfield>
    <subfield code="b">AIMIT</subfield>
    <subfield code="d">2022-11-02</subfield>
    <subfield code="e">Biblios Book Point</subfield>
    <subfield code="g">725.00</subfield>
    <subfield code="i">Bill no:243; Bill dt:2015-08-06</subfield>
    <subfield code="l">0</subfield>
    <subfield code="o">006.671 RUBA</subfield>
    <subfield code="p">MCA14312</subfield>
    <subfield code="r">2025-07-21 00:00:00</subfield>
    <subfield code="v">543.75</subfield>
    <subfield code="w">2021-07-16</subfield>
    <subfield code="y">BK</subfield>
  </datafield>
  <datafield tag="952" ind1=" " ind2=" ">
    <subfield code="0">0</subfield>
    <subfield code="1">0</subfield>
    <subfield code="2">ddc</subfield>
    <subfield code="4">0</subfield>
    <subfield code="7">0</subfield>
    <subfield code="8">MCA</subfield>
    <subfield code="a">AIMIT</subfield>
    <subfield code="b">AIMIT</subfield>
    <subfield code="d">2022-11-02</subfield>
    <subfield code="e">Biblios Book Point</subfield>
    <subfield code="g">725.00</subfield>
    <subfield code="i">Bill no:243; Bill dt:2015-08-06</subfield>
    <subfield code="l">0</subfield>
    <subfield code="o">006.671 RUBA</subfield>
    <subfield code="p">MCA14313</subfield>
    <subfield code="r">2025-07-21 00:00:00</subfield>
    <subfield code="v">543.75</subfield>
    <subfield code="w">2021-07-16</subfield>
    <subfield code="y">BK</subfield>
  </datafield>
  <datafield tag="952" ind1=" " ind2=" ">
    <subfield code="0">0</subfield>
    <subfield code="1">0</subfield>
    <subfield code="2">ddc</subfield>
    <subfield code="4">0</subfield>
    <subfield code="7">0</subfield>
    <subfield code="8">MCA</subfield>
    <subfield code="a">AIMIT</subfield>
    <subfield code="b">AIMIT</subfield>
    <subfield code="d">2022-11-02</subfield>
    <subfield code="e">Biblios Book Point</subfield>
    <subfield code="g">725.00</subfield>
    <subfield code="i">Bill no:243; Bill dt:2015-08-06</subfield>
    <subfield code="l">0</subfield>
    <subfield code="o">006.671 RUBA</subfield>
    <subfield code="p">MCA14314</subfield>
    <subfield code="r">2025-07-21 00:00:00</subfield>
    <subfield code="v">543.75</subfield>
    <subfield code="w">2021-07-16</subfield>
    <subfield code="y">BK</subfield>
  </datafield>
  <datafield tag="952" ind1=" " ind2=" ">
    <subfield code="0">0</subfield>
    <subfield code="1">0</subfield>
    <subfield code="2">ddc</subfield>
    <subfield code="4">0</subfield>
    <subfield code="7">0</subfield>
    <subfield code="8">MCA</subfield>
    <subfield code="a">AIMIT</subfield>
    <subfield code="b">AIMIT</subfield>
    <subfield code="d">2022-11-02</subfield>
    <subfield code="e">Biblios Book Point</subfield>
    <subfield code="g">725.00</subfield>
    <subfield code="i">Bill no:243; Bill dt:2015-08-06</subfield>
    <subfield code="l">0</subfield>
    <subfield code="o">006.671 RUBA</subfield>
    <subfield code="p">MCA14315</subfield>
    <subfield code="r">2025-07-21 00:00:00</subfield>
    <subfield code="v">543.75</subfield>
    <subfield code="w">2021-07-16</subfield>
    <subfield code="y">BK</subfield>
  </datafield>
  <datafield tag="952" ind1=" " ind2=" ">
    <subfield code="0">0</subfield>
    <subfield code="1">0</subfield>
    <subfield code="2">ddc</subfield>
    <subfield code="4">0</subfield>
    <subfield code="7">0</subfield>
    <subfield code="8">MCA</subfield>
    <subfield code="a">AIMIT</subfield>
    <subfield code="b">AIMIT</subfield>
    <subfield code="d">2022-11-02</subfield>
    <subfield code="e">Biblios Book Point</subfield>
    <subfield code="g">725.00</subfield>
    <subfield code="i">Bill no:243; Bill dt:2015-08-06</subfield>
    <subfield code="l">0</subfield>
    <subfield code="o">006.671 RUBA</subfield>
    <subfield code="p">MCA14316</subfield>
    <subfield code="r">2025-07-21 00:00:00</subfield>
    <subfield code="v">543.75</subfield>
    <subfield code="w">2021-07-16</subfield>
    <subfield code="y">BK</subfield>
  </datafield>
  <datafield tag="952" ind1=" " ind2=" ">
    <subfield code="0">0</subfield>
    <subfield code="1">0</subfield>
    <subfield code="2">ddc</subfield>
    <subfield code="4">0</subfield>
    <subfield code="7">0</subfield>
    <subfield code="8">MCA</subfield>
    <subfield code="a">AIMIT</subfield>
    <subfield code="b">AIMIT</subfield>
    <subfield code="d">2022-11-02</subfield>
    <subfield code="e">Biblios Book Point</subfield>
    <subfield code="g">725.00</subfield>
    <subfield code="i">Bill no:243; Bill dt:2015-08-06</subfield>
    <subfield code="l">0</subfield>
    <subfield code="o">006.671 RUBA</subfield>
    <subfield code="p">MCA14317</subfield>
    <subfield code="r">2025-07-21 00:00:00</subfield>
    <subfield code="v">543.75</subfield>
    <subfield code="w">2021-07-16</subfield>
    <subfield code="y">BK</subfield>
  </datafield>
  <datafield tag="952" ind1=" " ind2=" ">
    <subfield code="0">0</subfield>
    <subfield code="1">0</subfield>
    <subfield code="2">ddc</subfield>
    <subfield code="4">0</subfield>
    <subfield code="7">0</subfield>
    <subfield code="8">MCA</subfield>
    <subfield code="a">AIMIT</subfield>
    <subfield code="b">AIMIT</subfield>
    <subfield code="d">2022-11-02</subfield>
    <subfield code="e">Biblios Book Point</subfield>
    <subfield code="g">725.00</subfield>
    <subfield code="i">Bill no:243; Bill dt:2015-08-06</subfield>
    <subfield code="l">0</subfield>
    <subfield code="o">006.671 RUBA</subfield>
    <subfield code="p">MCA14318</subfield>
    <subfield code="r">2025-07-21 00:00:00</subfield>
    <subfield code="v">543.75</subfield>
    <subfield code="w">2021-07-16</subfield>
    <subfield code="y">BK</subfield>
  </datafield>
  <datafield tag="952" ind1=" " ind2=" ">
    <subfield code="0">0</subfield>
    <subfield code="1">0</subfield>
    <subfield code="2">ddc</subfield>
    <subfield code="4">0</subfield>
    <subfield code="7">0</subfield>
    <subfield code="8">MCA</subfield>
    <subfield code="a">AIMIT</subfield>
    <subfield code="b">AIMIT</subfield>
    <subfield code="d">2022-11-02</subfield>
    <subfield code="e">Biblios Book Point</subfield>
    <subfield code="g">725.00</subfield>
    <subfield code="i">Bill no:243; Bill dt:2015-08-06</subfield>
    <subfield code="l">0</subfield>
    <subfield code="o">006.671 RUBA</subfield>
    <subfield code="p">MCA14319</subfield>
    <subfield code="r">2025-07-21 00:00:00</subfield>
    <subfield code="v">543.75</subfield>
    <subfield code="w">2021-07-16</subfield>
    <subfield code="y">BK</subfield>
  </datafield>
  <datafield tag="952" ind1=" " ind2=" ">
    <subfield code="0">0</subfield>
    <subfield code="1">0</subfield>
    <subfield code="2">ddc</subfield>
    <subfield code="4">0</subfield>
    <subfield code="7">0</subfield>
    <subfield code="8">MCA</subfield>
    <subfield code="a">AIMIT</subfield>
    <subfield code="b">AIMIT</subfield>
    <subfield code="d">2022-11-02</subfield>
    <subfield code="e">Biblios Book Point</subfield>
    <subfield code="g">725.00</subfield>
    <subfield code="i">Bill no:243; Bill dt:2015-08-06</subfield>
    <subfield code="l">0</subfield>
    <subfield code="o">006.671 RUBA</subfield>
    <subfield code="p">MCA14320</subfield>
    <subfield code="r">2025-07-21 00:00:00</subfield>
    <subfield code="v">543.75</subfield>
    <subfield code="w">2021-07-16</subfield>
    <subfield code="y">BK</subfield>
  </datafield>
  <datafield tag="952" ind1=" " ind2=" ">
    <subfield code="0">0</subfield>
    <subfield code="1">0</subfield>
    <subfield code="2">ddc</subfield>
    <subfield code="4">0</subfield>
    <subfield code="7">0</subfield>
    <subfield code="8">MCA</subfield>
    <subfield code="a">AIMIT</subfield>
    <subfield code="b">AIMIT</subfield>
    <subfield code="d">2022-11-02</subfield>
    <subfield code="e">Biblios Book Point</subfield>
    <subfield code="g">725.00</subfield>
    <subfield code="i">Bill no:243; Bill dt:2015-08-06</subfield>
    <subfield code="l">0</subfield>
    <subfield code="o">006.671 RUBA</subfield>
    <subfield code="p">MCA14321</subfield>
    <subfield code="r">2025-07-21 00:00:00</subfield>
    <subfield code="v">543.75</subfield>
    <subfield code="w">2021-07-16</subfield>
    <subfield code="y">BK</subfield>
  </datafield>
</record>
